| 000 | 00608nam a2200193Ii 4500 | ||
|---|---|---|---|
| 003 | JO-AjNU | ||
| 008 | 230606s9999||||xx |||||||||||||| ||und|| | ||
| 020 | _a978-3-319-03562-8 | ||
| 040 |
_aJO-AjNU _beng _erda _cJO-AjNU |
||
| 041 | _aeng | ||
| 100 | 3 |
_aChaskalovic,Joel, _eauthor _94765 |
|
| 245 | 0 | 0 | _aMathematical and Numerical methods FOR Partial Differential Eqations |
| 264 | 3 | 1 | _aSpringer,2014 |
| 300 |
_a358p _bMathematical engineering |
||
| 336 |
_atext _btxt _2rdacontent |
||
| 337 |
_aunmediated _bn _2rdamedia |
||
| 338 |
_avolume _bnc _2rdacarrier |
||
| 650 | 4 |
_a Differential equations _94766 |
|
| 999 |
_aE2468 _c2466 _d2466 |
||